Complete Reference Java (Record no. 6392)

MARC details
000 -LEADER
fixed length control field 00286nam a2200121Ia 4500
008 - FIXED-LENGTH DATA ELEMENTS--GENERAL INFORMATION
fixed length control field 191201s2011 xx 000 0 und d
100 ## - MAIN ENTRY--PERSONAL NAME
Personal name SCHILDT,Herbert
245 #0 - TITLE STATEMENT
Title Complete Reference Java
260 ## - PUBLICATION, DISTRIBUTION, ETC. (IMPRINT)
Place of publication, distribution, etc N. Delhi
Name of publisher, distributor, etc TMH
Date of publication, distribution, etc 2011
300 ## - PHYSICAL DESCRIPTION
Extent 1024
650 ## - SUBJECT ADDED ENTRY--TOPICAL TERM
Topical term or geographic name as entry element B.Tech(IT)
942 ## - ADDED ENTRY ELEMENTS (KOHA)
Source of classification or shelving scheme Dewey Decimal Classification
Koha item type Text Books
Holdings
Withdrawn status Lost status Source of classification or shelving scheme Damaged status Not for loan Collection code Home library Current library Date acquired Source of acquisition Cost, normal purchase price Bill Number Total Checkouts Full call number Acc. no. / Barcode Date last seen Date last borrowed Actual Cost, discounted price Bill Date Koha item type
    Dewey Decimal Classification     B.Tech(IT) PIET C-LIBRARY PIET C-LIBRARY 29/05/2015 PANKAJ BOOK DEPOT PANIPAT 475.00 AS390 13 005.133 SCJ 26839 20/01/2026 23/08/2025 429.69 25/05/2015 Text Books
    Dewey Decimal Classification     Computer Science and Engineering in AI & Machine Learning PIET C-LIBRARY PIET C-LIBRARY 29/05/2015 PANKAJ BOOK DEPOT PANIPAT 475.00 AS390   005.133 SCC 26845 04/12/2019   418.75 25/05/2015 Text Books
    Dewey Decimal Classification     Computer Science and Engineering in AI & Machine Learning PIET C-LIBRARY PIET C-LIBRARY 29/05/2015 PANKAJ BOOK DEPOT PANIPAT 475.00 AS390 4 005.133 SCC 26846 24/10/2024 10/10/2024 418.75 25/05/2015 Text Books

Design & Developed by: PIET Central Library
R70 Miles Stone Pattikalyana Samalkha Panipat 132102
mail ID :- [email protected], Phone No:- 0180-2569700 Ex.216